[Event "CYCC U14"]
[Site "Vancouver CAN"]
[Date "2012.07.03"]
[Round "1"]
[White "Kong, Dezheng"]
[Black "Rahemtulla, Adam"]
[Result "1-0"]
[WhiteElo "2068"]
[BlackElo "1332"]
[PlyCount "89"]
[GameId "2160767909508844"]
[EventDate "2012.07.03"]
[EventType "swiss"]
[EventRounds "7"]
[EventCountry "CAN"]
[SourceTitle "hb 2012"]

1. d4 d5 2. Nc3 Nc6 3. Nf3 Nf6 4. Bg5 Ne4 5. Bf4 Bf5 6. e3 Nxc3 7. bxc3 e6 8. Rb1 Rb8 9. Be2 Bd6 10. Bb5 Qd7 11. Ne5 Bxe5 12. dxe5 a6 13. Be2 O-O 14. g4 Bg6 15. h4 f6 16. exf6 Rxf6 17. h5 Be8 18. g5 Rf8 19. Bf3 b5 20. g6 h6 21. Rg1 Rd8 22. Bg4 Qe7 23. Rh1 Qf6 24. Qd2 e5 25. Bg3 d4 26. Bh4 dxe3 27. Qxe3 Qf4 28. Qxf4 Rxf4 29. Bxd8 Nxd8 30. Rb4 Rxb4 31. cxb4 Nc6 32. c3 a5 33. a3 a4 34. Ke2 Kf8 35. Ke3 Ke7 36. Rd1 Kf6 37. Be2 Ne7 38. Rd8 Bc6 39. Rf8+ Kg5 40. Rf7 Nd5+ 41. Kd2 Nf6 42. Rxg7 Ne4+ 43. Ke1 Nxc3 44. Rxc7 Nxe2 45. Rxc6 1-0

[Event "CYCC U14"]
[Site "Vancouver CAN"]
[Date "2012.07.03"]
[Round "1"]
[White "Kuehfuss, Noah"]
[Black "Zhang, Yutong"]
[Result "0-1"]
[WhiteElo "1033"]
[BlackElo "1843"]
[PlyCount "136"]
[GameId "2160767909508845"]
[EventDate "2012.07.03"]
[EventType "swiss"]
[EventRounds "7"]
[EventCountry "CAN"]
[SourceTitle "hb 2012"]

1. e4 e5 2. Nf3 Nc6 3. Bc4 Bc5 4. d3 d6 5. h3 h6 6. O-O Nf6 7. Nc3 O-O 8. Na4 Bb6 9. Nxb6 axb6 10. Be3 d5 11. exd5 Nxd5 12. Bxd5 Qxd5 13. d4 exd4 14. Nxd4 Nxd4 15. Bxd4 c5 16. Bc3 Qxd1 17. Raxd1 Rxa2 18. Ra1 Rxa1 19. Rxa1 Bf5 20. Ra7 Be4 21. b4 Rc8 22. Bd2 cxb4 23. f3 Rxc2 24. Bxb4 Bc6 25. Ra8+ Kh7 26. Rd8 Re2 27. Rd2 Rxd2 28. Bxd2 b5 29. Bb4 g6 30. g4 Bxf3 31. Kf2 Bc6 32. Kg3 f5 33. Kf4 fxg4 34. hxg4 h5 35. gxh5 gxh5 36. Kg5 Bf3 37. Be1 Kg7 38. Kf5 Bg4+ 39. Kg5 Kf7 40. Kf4 Ke6 41. Ke4 Kd6 42. Kd4 Bd1 43. Kd3 Kd5 44. Kd2 Bg4 45. Kc3 Ke4 46. Kb4 Bd7 47. Kc5 Bc6 48. Kb4 Kf3 49. Bh4 Kg4 50. Be1 h4 51. Bxh4 Kxh4 52. Kc5 Kg4 53. Kb4 Kf4 54. Kc5 Ke4 55. Kb4 Kd3 56. Kb3 b6 57. Kb4 Kd4 58. Kb3 Kc5 59. Kb2 Kb4 60. Kb1 Kb3 61. Ka1 Kc2 62. Ka2 b4 63. Ka1 Bh1 64. Ka2 b3+ 65. Ka1 b2+ 66. Ka2 b1=Q+ 67. Ka3 Qb5 68. Ka2 Qb2# 0-1

[Event "CYCC U14"]
[Site "Vancouver CAN"]
[Date "2012.07.03"]
[Round "1"]
[White "Li, Yinshi"]
[Black "Huneault, Nicholas"]
[Result "1-0"]
[WhiteElo "1857"]
[BlackElo "1164"]
[PlyCount "57"]
[GameId "2160767909508846"]
[EventDate "2012.07.03"]
[EventType "swiss"]
[EventRounds "7"]
[EventCountry "CAN"]
[SourceTitle "EXT 2022"]
[Source "ChessBase"]
[SourceDate "2021.10.06"]
[SourceVersion "1"]
[SourceVersionDate "2021.10.06"]
[SourceQuality "1"]

1. d4 d5 2. c4 Nf6 3. Nc3 Bf5 4. Bg5 e6 5. Qb3 Be7 6. Qxb7 Nbd7 7. Qc6 dxc4 8. e4 Bxe4 9. Nxe4 Nxe4 10. Bxe7 Qxe7 11. Qxa8+ Qd8 12. Qxe4 O-O 13. Bxc4 e5 14. Nf3 exd4 15. O-O Nc5 16. Qxd4 Qe7 17. Rfe1 Ne4 18. Qxe4 Qxe4 19. Rxe4 h6 20. Rae1 g5 21. Re8 Rxe8 22. Rxe8+ Kg7 23. Re7 h5 24. Rxf7+ Kg6 25. Ne5+ Kh6 26. Bd3 g4 27. f4 gxf3 28. Nxf3 h4 29. Rh7# 1-0

[Event "CYCC U14"]
[Site "Vancouver CAN"]
[Date "2012.07.03"]
[Round "1"]
[White "MacIvor, Mac"]
[Black "Jensen, Jacob"]
[Result "0-1"]
[WhiteElo "870"]
[BlackElo "1639"]
[PlyCount "54"]
[GameId "2160767909508847"]
[EventDate "2012.07.03"]
[EventType "swiss"]
[EventRounds "7"]
[EventCountry "CAN"]
[SourceTitle "EXT 2022"]
[Source "ChessBase"]
[SourceDate "2021.10.06"]
[SourceVersion "1"]
[SourceVersionDate "2021.10.06"]
[SourceQuality "1"]

1. e4 c5 2. Qf3 d6 3. Bc4 Nf6 4. d3 Nc6 5. Bb5 Bd7 6. d4 Nxd4 7. Bxd7+ Qxd7 8. Qd1 Nxe4 9. Nf3 Qf5 10. Nc3 Nxc3 11. Nxd4 Qe4+ 12. Ne2 Nxd1 13. Kxd1 O-O-O 14. Be3 e6 15. Nc3 Qxg2 16. Re1 d5 17. Nb5 a6 18. Na7+ Kb8 19. a4 d4 20. Bf4+ Kxa7 21. Bc7 Rd7 22. Bg3 Qf3+ 23. Kd2 d3 24. c3 g6 25. Be5 Bh6+ 26. Re3 Qe2+ 27. Kc1 Qc2# 0-1

[Event "CYCC U14"]
[Site "Vancouver CAN"]
[Date "2012.07.03"]
[Round "1"]
[White "Plotkin, Mark"]
[Black "Sun, Ziyao"]
[Result "1-0"]
[WhiteElo "1976"]
[BlackElo "1251"]
[PlyCount "83"]
[GameId "2160767909508848"]
[EventDate "2012.07.03"]
[EventType "swiss"]
[EventRounds "7"]
[EventCountry "CAN"]
[SourceTitle "hb 2012"]

1. e4 e6 2. d4 d5 3. Nc3 dxe4 4. Nxe4 Be7 5. Nf3 Nd7 6. Bd3 Ngf6 7. Qe2 Nxe4 8. Bxe4 Nf6 9. Bd3 O-O 10. Be3 b6 11. O-O-O Bb7 12. Ne5 Qd5 13. Kb1 Qxg2 14. Rhg1 Qxh2 15. Bg5 h6 16. Bxf6 Bxf6 17. Nd7 Bxd4 18. Qg4 Qxf2 19. Rg3 Rfd8 20. Rf1 Qxf1+ 21. Bxf1 Rxd7 22. Bb5 c6 23. Bd3 f5 24. Qg6 Re7 25. Bc4 Rae8 26. c3 Be5 27. Re3 Bf6 28. Qxf5 Kh8 29. Qg6 e5 30. Bd3 e4 31. Bxe4 Rxe4 32. Rxe4 Rxe4 33. Qxe4 Bg5 34. b4 a5 35. b5 cxb5 36. Qxb7 Be3 37. Qa8+ Kh7 38. Qe4+ g6 39. Qxe3 g5 40. Kc2 g4 41. Kd3 h5 42. Ke4 1-0

[Event "CYCC U14"]
[Site "Vancouver CAN"]
[Date "2012.07.03"]
[Round "1"]
[White "Rathburn, Hector"]
[Black "Hewson, Scott"]
[Result "1-0"]
[WhiteElo "1671"]
[BlackElo "825"]
[PlyCount "33"]
[GameId "2160767909508849"]
[EventDate "2012.07.03"]
[EventType "swiss"]
[EventRounds "7"]
[EventCountry "CAN"]
[SourceTitle "EXT 2022"]
[Source "ChessBase"]
[SourceDate "2021.10.06"]
[SourceVersion "1"]
[SourceVersionDate "2021.10.06"]
[SourceQuality "1"]

1. e4 e6 2. d4 d6 3. Nc3 f6 4. f4 Nh6 5. Nf3 e5 6. fxe5 dxe5 7. Bxh6 gxh6 8. Bc4 Bg4 9. d5 Bb4 10. O-O h5 11. h3 Bd7 12. Nxe5 Bc5+ 13. Kh1 h4 14. Qh5+ Ke7 15. d6+ Kxd6 16. Rad1+ Ke7 17. Qf7# 1-0

[Event "CYCC U14"]
[Site "Vancouver CAN"]
[Date "2012.07.03"]
[Round "1"]
[White "Raymond, Alex"]
[Black "Kuttner, Simon"]
[Result "0-1"]
[WhiteElo "921"]
[BlackElo "1777"]
[PlyCount "74"]
[GameId "2160767909508850"]
[EventDate "2012.07.03"]
[EventType "swiss"]
[EventRounds "7"]
[EventCountry "CAN"]
[SourceTitle "EXT 2022"]
[Source "ChessBase"]
[SourceDate "2021.10.06"]
[SourceVersion "1"]
[SourceVersionDate "2021.10.06"]
[SourceQuality "1"]

1. e4 c5 2. Qh5 d6 3. Bb5+ Bd7 4. Bxd7+ Nxd7 5. Nf3 Ngf6 6. Qg5 g6 7. e5 h6 8. Qe3 dxe5 9. Nxe5 Bg7 10. Nxd7 Nxd7 11. Qe4 Qc7 12. Qa4 O-O 13. O-O Nf6 14. Nc3 a6 15. d3 b5 16. Qa3 b4 17. Qb3 bxc3 18. Qc4 cxb2 19. Bxb2 Rfd8 20. Ba3 Nd7 21. Rae1 e6 22. d4 Bxd4 23. Rd1 Nb6 24. Qe2 Nd5 25. Qc4 Rdc8 26. Qb3 Nc3 27. Rd3 c4 28. Qxc3 Bxc3 29. Rxc3 Qa5 30. Rh3 h5 31. Bc1 Qxa2 32. c3 Rab8 33. Bf4 Rb1 34. Be5 Rd8 35. Bd4 e5 36. Bxe5 Rxf1+ 37. Kxf1 Rd1# 0-1

[Event "CYCC U14"]
[Site "Vancouver CAN"]
[Date "2012.07.03"]
[Round "1"]
[White "Shi, Diwen"]
[Black "Balachandran, Shesan"]
[Result "1-0"]
[WhiteElo "1803"]
[BlackElo "1018"]
[PlyCount "67"]
[GameId "2160767909508851"]
[EventDate "2012.07.03"]
[EventType "swiss"]
[EventRounds "7"]
[EventCountry "CAN"]
[SourceTitle "hb 2012"]

1. e4 c6 2. Ne2 e6 3. d4 Nf6 4. Ng3 d5 5. e5 Nfd7 6. Bd3 c5 7. c3 a6 8. Nd2 Be7 9. Qg4 Rg8 10. Bxh7 Rh8 11. Qxg7 Rf8 12. Qg4 Nb6 13. Nf3 Nc6 14. Nh5 Nc4 15. O-O Kd7 16. Bd3 N6a5 17. Rd1 b6 18. Bxc4 Nxc4 19. dxc5 Bb7 20. Qxc4 Bxc5 21. Qe2 Kc7 22. Be3 Be7 23. Ng3 f6 24. exf6 Rxf6 25. Nd4 Qg8 26. Bf4+ Bd6 27. Bxd6+ Kxd6 28. Nf3 Kc7 29. Qe5+ Kd7 30. Qxf6 Rf8 31. Ne5+ Ke8 32. Qh6 d4 33. Qh5+ Ke7 34. Ng6+ 1-0

[Event "CYCC U14"]
[Site "Vancouver CAN"]
[Date "2012.07.03"]
[Round "1"]
[White "Thanabalachandran, Kajan"]
[Black "Hunter, Harold"]
[Result "1-0"]
[WhiteElo "1509"]
[BlackElo "1154"]
[PlyCount "29"]
[GameId "2160767909508852"]
[EventDate "2012.07.03"]
[EventType "swiss"]
[EventRounds "7"]
[EventCountry "CAN"]
[SourceTitle "hb 2012"]

1. e4 d5 2. exd5 Qxd5 3. d4 h5 4. Nc3 Qa5 5. Be2 Bg4 6. Bxg4 hxg4 7. Qxg4 c6 8. Qc8+ Qd8 9. Qxb7 Nd7 10. Qxc6 e6 11. Nf3 Ne7 12. Qa4 a5 13. Ne5 Ra7 14. Nb5 Rh7 15. Nd6# 1-0

[Event "CYCC U14"]
[Site "Vancouver CAN"]
[Date "2012.07.03"]
[Round "1"]
[White "Washimkar, Atharva"]
[Black "Wang, Richard"]
[Result "0-1"]
[WhiteElo "1417"]
[BlackElo "2307"]
[PlyCount "104"]
[GameId "2160767909508853"]
[EventDate "2012.07.03"]
[EventType "swiss"]
[EventRounds "7"]
[EventCountry "CAN"]
[SourceTitle "EXT 2022"]
[Source "ChessBase"]
[SourceDate "2021.10.06"]
[SourceVersion "1"]
[SourceVersionDate "2021.10.06"]
[SourceQuality "1"]

1. e4 c5 2. Nf3 d6 3. d4 cxd4 4. Nxd4 Nf6 5. Nc3 g6 6. Be3 Bg7 7. f3 Nc6 8. Bc4 O-O 9. Qd2 Bd7 10. O-O-O Rb8 11. g4 b5 12. Bb3 a5 13. Ndxb5 Ne5 14. Nxd6 Nxf3 15. Nxf7 Nxd2 16. Nxd8+ Nxb3+ 17. axb3 Rfxd8 18. h3 Bc6 19. Bc5 Nxe4 20. Nxe4 Bxe4 21. Rxd8+ Rxd8 22. Re1 Bxc2 23. Kxc2 Rc8 24. Rxe7 Rxc5+ 25. Kd3 Bxb2 26. Ra7 h6 27. Ra8+ Kf7 28. Ra7+ Kf6 29. Ra6+ Kg5 30. h4+ Kxg4 31. Rxg6+ Kh5 32. Rg2 Rc3+ 33. Kd2 Rxb3 34. Kc2 Rb4 35. Rd2 a4 36. Rd1 a3 37. Kb1 Rd4 38. Rf1 Rxh4 39. Ka2 Rg4 40. Rf5+ Kg6 41. Ra5 Rf4 42. Ra6+ Kg5 43. Ra5+ Kg4 44. Ra8 h5 45. Rg8+ Kf3 46. Rg1 h4 47. Rf1+ Kg3 48. Rg1+ Kh2 49. Rg8 h3 50. Rg6 Kh1 51. Rg3 h2 52. Rg5 Rf2 0-1

[Event "CYCC U14"]
[Site "Vancouver CAN"]
[Date "2012.07.03"]
[Round "2"]
[White "Balachandran, Shesan"]
[Black "Cui, Karl"]
[Result "0-1"]
[WhiteElo "1018"]
[BlackElo "1307"]
[PlyCount "54"]
[GameId "2160767909508854"]
[EventDate "2012.07.03"]
[EventType "swiss"]
[EventRounds "7"]
[EventCountry "CAN"]
[SourceTitle "hb 2012"]

1. e4 c6 2. d4 d5 3. f3 dxe4 4. fxe4 Nf6 5. Nc3 Bg4 6. Be2 Bxe2 7. Ngxe2 e6 8. h3 Nbd7 9. Bf4 Qa5 10. Qd2 O-O-O 11. O-O-O Be7 12. e5 Nd5 13. Nxd5 Qxd5 14. Nc3 Qa5 15. Rhf1 h6 16. Rf3 Nb6 17. Qe2 c5 18. Be3 cxd4 19. Bxd4 Rd7 20. Bxb6 Rxd1+ 21. Qxd1 Qxb6 22. Rxf7 Rd8 23. Qf3 Qd4 24. Rxe7 Qd2+ 25. Kb1 Qe1+ 26. Nd1 Rxd1+ 27. Qxd1 Qxd1# 0-1

[Event "CYCC U14"]
[Site "Vancouver CAN"]
[Date "2012.07.03"]
[Round "2"]
[White "Doknjas, John"]
[Black "Rathburn, Hector"]
[Result "1-0"]
[WhiteElo "1990"]
[BlackElo "1671"]
[PlyCount "81"]
[GameId "2160767909508855"]
[EventDate "2012.07.03"]
[EventType "swiss"]
[EventRounds "7"]
[EventCountry "CAN"]
[SourceTitle "hb 2012"]

1. d4 Nf6 2. c4 e6 3. Nc3 Bb4 4. a3 Bxc3+ 5. bxc3 O-O 6. f3 Ne8 7. e4 c5 8. Be3 b6 9. dxc5 bxc5 10. Bxc5 Qa5 11. Bxf8 Qxc3+ 12. Kf2 Kxf8 13. Ne2 Qxc4 14. Rc1 Qa6 15. Nd4 Qb7 16. Qc2 Qb6 17. Qc5+ Qxc5 18. Rxc5 Ba6 19. Ra5 Bxf1 20. Rxf1 d6 21. Rc1 Nd7 22. Nb5 Nc5 23. Rc3 Nb7 24. Rxa7 Rxa7 25. Nxa7 Ke7 26. Ke3 Nc5 27. Kd4 Na4 28. Rb3 e5+ 29. Kc4 Ke6 30. Rb4 Nc5 31. a4 f5 32. exf5+ Kxf5 33. Kd5 Nd7 34. a5 Ndf6+ 35. Kc6 Ke6 36. Rb8 d5 37. Nb5 d4 38. a6 d3 39. Nc3 Nd5 40. Rxe8+ Kf7 41. Kxd5 1-0

[Event "CYCC U14"]
[Site "Vancouver CAN"]
[Date "2012.07.03"]
[Round "2"]
[White "Herdin, Matthew"]
[Black "Thanabalachandran, Kajan"]
[Result "1-0"]
[WhiteElo "1923"]
[BlackElo "1509"]
[PlyCount "117"]
[GameId "2160767909508856"]
[EventDate "2012.07.03"]
[EventType "swiss"]
[EventRounds "7"]
[EventCountry "CAN"]
[SourceTitle "hb 2012"]

1. e4 c5 2. Nf3 e6 3. d4 cxd4 4. Nxd4 Nf6 5. Bd3 Qb6 6. Nb3 Be7 7. O-O O-O 8. Be3 Qc7 9. Nc3 Nc6 10. Nb5 Qd8 11. Qe2 a6 12. Nc3 Ne5 13. Na4 b5 14. Bb6 Qe8 15. Nc3 Bb7 16. f4 Nxd3 17. cxd3 d5 18. e5 Qc6 19. Bd4 Nd7 20. Rac1 b4 21. Na5 Qc7 22. Nxd5 Qxa5 23. Nxe7+ Kh8 24. Qc2 Qxa2 25. Ra1 Rac8 26. Qxc8 Rxc8 27. Rxa2 Re8 28. Rc1 Nxe5 29. Bxe5 Rxe7 30. Rc7 Rxc7 31. Bxc7 h6 32. Ra4 b3 33. Ra3 Bd5 34. Rxa6 Kh7 35. Ra5 Kg6 36. g4 Kf6 37. Bd8+ Kg6 38. f5+ Kh7 39. Rxd5 exd5 40. Kf2 Kg8 41. f6 g6 42. Be7 Kh7 43. Ke3 h5 44. g5 h4 45. Kd4 h3 46. Kxd5 Kg8 47. Ke4 Kh8 48. d4 Kg8 49. d5 Kh8 50. d6 Kg8 51. d7 Kh7 52. d8=N Kg8 53. Kf3 Kh8 54. Nxf7+ Kg8 55. Nh6+ Kh8 56. f7 Kh7 57. Ke2 Kg7 58. f8=Q+ Kh7 59. Qg8# 1-0

[Event "CYCC U14"]
[Site "Vancouver CAN"]
[Date "2012.07.03"]
[Round "2"]
[White "Hewson, Andrew"]
[Black "Washimkar, Atharva"]
[Result "0-1"]
[WhiteElo "870"]
[BlackElo "1417"]
[PlyCount "52"]
[GameId "2160767909508857"]
[EventDate "2012.07.03"]
[EventType "swiss"]
[EventRounds "7"]
[EventCountry "CAN"]
[SourceTitle "EXT 2022"]
[Source "ChessBase"]
[SourceDate "2021.10.06"]
[SourceVersion "1"]
[SourceVersionDate "2021.10.06"]
[SourceQuality "1"]

1. e3 d5 2. c4 dxc4 3. Bxc4 e6 4. Nh3 Nc6 5. Bb5 Bd7 6. Na3 a6 7. Bxc6 Bxc6 8. d4 Bxg2 9. Rg1 Bxh3 10. Qh5 Bf5 11. Bd2 Nf6 12. Qf3 Be4 13. Qf4 Bd6 14. Qg5 Bg6 15. Bc3 Ne4 16. Qg4 Bxa3 17. bxa3 Nxc3 18. Rc1 Nd5 19. Qg3 c6 20. e4 Qa5+ 21. Kd1 Bxe4 22. Qxg7 Bf3+ 23. Kc2 Qc3+ 24. Kb1 Be4+ 25. Rc2 Qxc2+ 26. Ka1 Qc3# 0-1

[Event "CYCC U14"]
[Site "Vancouver CAN"]
[Date "2012.07.03"]
[Round "2"]
[White "Huneault, Nicholas"]
[Black "MacIvor, Mac"]
[Result "0-1"]
[WhiteElo "1164"]
[BlackElo "870"]
[PlyCount "92"]
[GameId "2160767909508858"]
[EventDate "2012.07.03"]
[EventType "swiss"]
[EventRounds "7"]
[EventCountry "CAN"]
[SourceTitle "EXT 2022"]
[Source "ChessBase"]
[SourceDate "2021.10.06"]
[SourceVersion "1"]
[SourceVersionDate "2021.10.06"]
[SourceQuality "1"]

1. e4 e5 2. Nf3 Qf6 3. d4 exd4 4. Nxd4 Bb4+ 5. Nc3 Nc6 6. Be3 Bc5 7. f4 d6 8. Nd5 Qd8 9. Bb5 Nge7 10. f5 Nxd5 11. Nxc6 Nxe3 12. Nxd8+ Kxd8 13. Qd3 Re8 14. Bxe8 Kxe8 15. e5 Bxf5 16. Qb5+ c6 17. Qxb7 Nxc2+ 18. Ke2 Nd4+ 19. Kd2 Rd8 20. Rhf1 dxe5 21. Rxf5 Nxf5+ 22. Kc3 Bd4+ 23. Kc2 Ne3+ 24. Kb3 Rd7 25. Qxc6 Ke7 26. Rc1 Rd6 27. Qb7+ Rd7 28. Qb4+ Ke6 29. Rc6+ Kd5 30. Qb5+ Ke4 31. Rc8 Rd5 32. Qb7 Kd3 33. Qa6+ Ke4 34. Rf8 f6 35. Qb7 Kf4 36. Qxg7 Rb5+ 37. Ka4 a6 38. Qg3+ Ke4 39. Qf3+ Kd3 40. Ra8 e4 41. Qf2 Rxb2 42. Qh4 Rxa2+ 43. Kb3 Rb2+ 44. Ka3 Nc2+ 45. Ka4 Ra2+ 46. Kb3 Ra3# 0-1

[Event "CYCC U14"]
[Site "Vancouver CAN"]
[Date "2012.07.03"]
[Round "2"]
[White "Hunter, Harold"]
[Black "Boucher, Maxime"]
[Result "1-0"]
[WhiteElo "1154"]
[BlackElo "1166"]
[PlyCount "77"]
[GameId "2160767909508859"]
[EventDate "2012.07.03"]
[EventType "swiss"]
[EventRounds "7"]
[EventCountry "CAN"]
[SourceTitle "EXT 2022"]
[Source "ChessBase"]
[SourceDate "2021.10.06"]
[SourceVersion "1"]
[SourceVersionDate "2021.10.06"]
[SourceQuality "1"]

1. d4 d5 2. h4 Nc6 3. Nf3 g6 4. Bd2 Bg7 5. Bc3 Nf6 6. Ne5 Nxe5 7. dxe5 Ne4 8. Bd4 O-O 9. Nc3 Nxc3 10. Bxc3 c5 11. e3 Bf5 12. Bd3 Bxd3 13. Qxd3 c4 14. Qd4 e6 15. h5 gxh5 16. Rxh5 f6 17. exf6 Bxf6 18. Qg4+ Kh8 19. O-O-O Bxc3 20. bxc3 Rg8 21. Qd4+ Rg7 22. Rdh1 Kg8 23. Qe5 Qe7 24. R1h3 Re8 25. Rg3 Rxg3 26. Qxg3+ Qg7 27. Rg5 Qxg5 28. Qxg5+ Kh8 29. Qf6+ Kg8 30. f4 Rf8 31. Qxe6+ Kh8 32. f5 Re8 33. Qf6+ Kg8 34. Qg5+ Kh8 35. f6 Rg8 36. Qe5 h6 37. f7+ Rg7 38. f8=Q+ Kh7 39. Qexg7# 1-0

[Event "CYCC U14"]
[Site "Vancouver CAN"]
[Date "2012.07.03"]
[Round "2"]
[White "Jensen, Jacob"]
[Black "Li, Yinshi"]
[Result "0-1"]
[WhiteElo "1639"]
[BlackElo "1857"]
[PlyCount "90"]
[GameId "2160767909508860"]
[EventDate "2012.07.03"]
[EventType "swiss"]
[EventRounds "7"]
[EventCountry "CAN"]
[SourceTitle "EXT 2022"]
[Source "ChessBase"]
[SourceDate "2021.10.06"]
[SourceVersion "1"]
[SourceVersionDate "2021.10.06"]
[SourceQuality "1"]

1. e4 e6 2. d4 d5 3. e5 c5 4. c3 Nc6 5. Nf3 Qb6 6. Be3 Qxb2 7. Nbd2 Qxc3 8. Rc1 Qa5 9. dxc5 Nge7 10. a4 Nf5 11. Bb5 Bd7 12. O-O a6 13. Nb3 Qc7 14. Bd3 Nxe3 15. fxe3 Be7 16. Nbd4 Nxe5 17. Nxe5 Qxe5 18. Qf3 O-O 19. c6 bxc6 20. Nxc6 Bxc6 21. Rxc6 Bg5 22. e4 dxe4 23. Bxe4 Ra7 24. Bd3 a5 25. Kh1 h6 26. Bc4 Bf6 27. Qf2 Rc7 28. Rxc7 Qxc7 29. Bd3 Rd8 30. Qe3 Qc3 31. Rd1 Kh8 32. Qe4 g6 33. Qe3 Kg7 34. h3 Qb3 35. Qf3 Qxa4 36. Kh2 Qb3 37. g4 a4 38. Qe2 Qb2 39. Rd2 Qe5+ 40. Qxe5 Bxe5+ 41. Kg1 a3 42. Kf2 Rxd3 43. Rxd3 a2 44. Ra3 a1=Q 45. Rxa1 Bxa1 0-1

[Event "CYCC U14"]
[Site "Vancouver CAN"]
[Date "2012.07.03"]
[Round "2"]
[White "Kuttner, Simon"]
[Black "Plotkin, Mark"]
[Result "0-1"]
[WhiteElo "1777"]
[BlackElo "1976"]
[PlyCount "94"]
[GameId "2160767909508861"]
[EventDate "2012.07.03"]
[EventType "swiss"]
[EventRounds "7"]
[EventCountry "CAN"]
[SourceTitle "hb 2012"]

1. e4 c5 2. Nc3 e6 3. g3 d5 4. exd5 exd5 5. Bg2 Nf6 6. Nf3 Be7 7. d4 c4 8. O-O O-O 9. h3 a6 10. a4 Nc6 11. Be3 h6 12. Re1 Be6 13. Ne2 b5 14. axb5 axb5 15. Qd2 Ne4 16. Qc1 Rxa1 17. Qxa1 g5 18. Nd2 Nxd2 19. Bxd2 Qd7 20. Kh2 Bf6 21. Be3 b4 22. Rf1 Bg7 23. c3 b3 24. f4 g4 25. h4 f5 26. Qa3 Bf7 27. Re1 Re8 28. Bd2 Qb7 29. Qa1 Ra8 30. Qb1 Qd7 31. Be3 Kh8 32. Qd1 Ne7 33. Qd2 Ng8 34. Rb1 Nf6 35. Qc1 Qe7 36. Kg1 Re8 37. Kf2 Ne4+ 38. Bxe4 Qxe4 39. Ng1 Qh1 40. Qe1 Qh2+ 41. Kf1 Qc2 42. Ra1 Qxb2 43. Rb1 Qc2 44. Rc1 Qd3+ 45. Kf2 b2 46. Rd1 Rxe3 47. Qxe3 Qxd1 0-1

[Event "CYCC U14"]
[Site "Vancouver CAN"]
[Date "2012.07.03"]
[Round "2"]
[White "Rahemtulla, Adam"]
[Black "Kuehfuss, Noah"]
[Result "1-0"]
[WhiteElo "1332"]
[BlackElo "1033"]
[PlyCount "85"]
[GameId "2160767909508862"]
[EventDate "2012.07.03"]
[EventType "swiss"]
[EventRounds "7"]
[EventCountry "CAN"]
[SourceTitle "hb 2012"]

1. e4 e5 2. Nf3 Nc6 3. Bb5 a6 4. Ba4 Nf6 5. d3 Bc5 6. O-O d6 7. h3 Be6 8. Nc3 O-O 9. Bg5 h6 10. Bh4 b5 11. Bb3 Na5 12. Bd5 c6 13. Bxe6 fxe6 14. a3 d5 15. Nxe5 Bd4 16. Ng4 g5 17. Nxh6+ Kh7 18. Bxg5 Rg8 19. Bxf6 Bxf6 20. Ng4 d4 21. Ne2 Qd6 22. Nxf6+ Kg7 23. Nxg8 Kxg8 24. Ng3 Qe5 25. Qh5 Qxh5 26. Nxh5 Rc8 27. Rac1 e5 28. b4 Nb7 29. f4 exf4 30. Nxf4 Rf8 31. Ne6 Rd8 32. Nxd8 Nxd8 33. c3 dxc3 34. Rxc3 Kh8 35. d4 Ne6 36. d5 Nd4 37. Kf2 Kg7 38. dxc6 Nxc6 39. Rxc6 Kf7 40. Rxa6 Ke7 41. Rd1 Kf7 42. Rd7+ Kf8 43. Ra8# 1-0

[Event "CYCC U14"]
[Site "Vancouver CAN"]
[Date "2012.07.03"]
[Round "2"]
[White "Sun, Ziyao"]
[Black "Hewson, Scott"]
[Result "1-0"]
[WhiteElo "1251"]
[BlackElo "825"]
[PlyCount "51"]
[GameId "2160767909508863"]
[EventDate "2012.07.03"]
[EventType "swiss"]
[EventRounds "7"]
[EventCountry "CAN"]
[SourceTitle "EXT 2022"]
[Source "ChessBase"]
[SourceDate "2021.10.06"]
[SourceVersion "1"]
[SourceVersionDate "2021.10.06"]
[SourceQuality "1"]

1. d4 e6 2. e4 d5 3. e5 f5 4. Nf3 Bb4+ 5. Bd2 Be7 6. Bd3 f4 7. Bxf4 Bb4+ 8. Bd2 Qe7 9. a3 a5 10. axb4 axb4 11. Rxa8 b3 12. Rxb8 Qd8 13. cxb3 c6 14. O-O b5 15. Qc2 Bd7 16. Rxd8+ Kxd8 17. Ng5 Nh6 18. Nxh7 Rxh7 19. Bxh7 g5 20. Bxg5+ Kc8 21. Nd2 b4 22. Ra1 Kc7 23. Qc5 Nf5 24. Ra7+ Kc8 25. Qf8+ Be8 26. Qxe8# 1-0

[Event "CYCC U14"]
[Site "Vancouver CAN"]
[Date "2012.07.03"]
[Round "2"]
[White "Wang, Richard"]
[Black "Shi, Diwen"]
[Result "1-0"]
[WhiteElo "2307"]
[BlackElo "1803"]
[PlyCount "51"]
[GameId "2160767909508864"]
[EventDate "2012.07.03"]
[EventType "swiss"]
[EventRounds "7"]
[EventCountry "CAN"]
[SourceTitle "EXT 2022"]
[Source "ChessBase"]
[SourceDate "2021.10.06"]
[SourceVersion "1"]
[SourceVersionDate "2021.10.06"]
[SourceQuality "1"]

1. d4 d5 2. Nf3 Nf6 3. e3 e6 4. Bd3 Bd6 5. b3 Nbd7 6. Bb2 b6 7. O-O O-O 8. Ne5 c5 9. Nd2 Bb7 10. f4 a6 11. a4 Qe7 12. Qf3 Rfc8 13. Qh3 Nf8 14. f5 Ne4 15. Bxe4 dxe4 16. f6 gxf6 17. Ng4 e5 18. dxe5 Bxe5 19. Bxe5 fxe5 20. Nh6+ Kh8 21. Rxf7 Qd8 22. Qg4 Ng6 23. Rd7 Qf8 24. Nf7+ Kg8 25. Rxb7 Re8 26. Nxe4 1-0

[Event "CYCC U14"]
[Site "Vancouver CAN"]
[Date "2012.07.03"]
[Round "2"]
[White "Zhang, Yutong"]
[Black "Kong, Dezheng"]
[Result "0-1"]
[WhiteElo "1843"]
[BlackElo "2068"]
[PlyCount "104"]
[GameId "2160767909508865"]
[EventDate "2012.07.03"]
[EventType "swiss"]
[EventRounds "7"]
[EventCountry "CAN"]
[SourceTitle "hb 2012"]

1. e4 c5 2. Nf3 d6 3. Bb5+ Bd7 4. Bxd7+ Qxd7 5. O-O Nc6 6. c3 e6 7. Re1 Be7 8. d4 cxd4 9. cxd4 d5 10. e5 h5 11. Nc3 Nh6 12. Ne2 O-O-O 13. Qc2 Kb8 14. Bd2 Rdg8 15. Bxh6 Rxh6 16. Rac1 g5 17. Nd2 g4 18. Nf1 h4 19. Red1 f6 20. exf6 Bxf6 21. Ne3 Bg5 22. Qb3 g3 23. hxg3 hxg3 24. Nxg3 Bf4 25. Ne2 Qh7 26. Ng3 Bxg3 27. fxg3 Rf8 28. Nf5 Rxf5 29. Qf3 Rxf3 30. gxf3 Rh1+ 31. Kf2 Qh2+ 32. Ke3 Rxd1 33. Rxd1 Qxg3 34. Rd2 Qg5+ 35. Kd3 Qf4 36. Rf2 Qxd4+ 37. Ke2 Ne5 38. Kf1 Nxf3 39. Rxf3 Qxb2 40. Rf2 Qc1+ 41. Kg2 d4 42. Rf8+ Kc7 43. Rf7+ Kd6 44. Rf3 Qc2+ 45. Rf2 d3 46. Rxc2 dxc2 47. Kf1 c1=Q+ 48. Ke2 Qb2+ 49. Kd1 Qxa2 50. Kc1 Kd5 51. Kd1 Ke4 52. Kc1 Kd3 0-1